LIBRARY & INFORMATION CENTRE, KCAET, TAVANUR

ONLINE PUBLIC ACCESS CATALOGUE (OPAC)

Development and testing of a tree lopping machine as an attachment to the power tiller (Record no. 15282)

MARC details
000 -LEADER
fixed length control field 00779nam a22002057a 4500
003 - CONTROL NUMBER IDENTIFIER
control field OSt
088 ## - REPORT NUMBER
Report number P 63
100 ## - MAIN ENTRY--AUTHOR NAME
Personal name JYOTHIRAJ C. R
245 ## - TITLE STATEMENT
Title Development and testing of a tree lopping machine as an attachment to the power tiller
260 ## - PUBLICATION, DISTRIBUTION, ETC. (IMPRINT)
Place of publication Tavanur 1997
Name of publisher Department of Farm Power Machinery and Energy
300 ## - PHYSICAL DESCRIPTION
Number of Pages 53
500 ## - GENERAL NOTE
General note Development and testing of a tree lopping machine as an attachment to the power tiller
520 ## - SUMMARY, ETC.
Summary, etc Development and testing of a tree lopping machine as an attachment to the power tiller
700 ## - ADDED ENTRY--PERSONAL NAME
Personal name Naushad A
700 ## - ADDED ENTRY--PERSONAL NAME
Personal name Sujith George
700 ## - ADDED ENTRY--PERSONAL NAME
Personal name Er. Jayan P. R (Guide)
856 ## - ELECTRONIC LOCATION AND ACCESS
Uniform Resource Identifier https://drive.google.com/open?id=1vZVtzPz7Fs69wZ9r9zRFjzW_1JQhORm2
942 ## - ADDED ENTRY ELEMENTS (KOHA)
Koha item type Project Report
Holdings
Collection code Home library Current library Shelving location Full call number Accession Number Koha item type
Reference KAUAET KAUAET Reference 631.3 JYO/DE P 63 Project Report
free website counter